000 01913nam a2200541 i 4500
001 19623
003 KOSZ 005
005 20221007094632.0
008 000320s1980 pl a |000 0 pol
015 _aUWD 1980/6088
035 _a991013622539705066
035 _a(PL-WaBN)b13668031-48omnis_nlop
035 _ab13668031
035 _a(OCoLC)830966416
035 _a(PL)b0000001366803
035 _a(EXLNZ-48OMNIS_NETWORK)9910265678605606
040 _aWA N
_cWA N
_dKR U
_dKOSZ 005/HR
041 0 _apol
046 _k1980
080 _a676
080 _a674
080 _a(076.8)
100 1 _aKawka, Włodzimierz
_d(1940-2011)
_eAutor
245 1 0 _aPodstawy konstrukcji maszyn i urządzeń do produkcji mas włóknistych.
_nCz. 1,
_pMaszyny i urządzenia do przerobu drewna zrębki /
_cWłodzimierz Kawka, Rolisław Rogut, Henryk Ingielewicz.
246 3 0 _aMaszyny i urządzenia do przerobu drewna zrębki
250 _aWyd. 2.
260 _aŁódź :
_bPŁ,
_c1980.
300 _a286, [1] s. :
_bil., wykr. ;
_c21 cm.
336 _aTekst
_btxt
_2rdacontent
337 _aBez urządzenia pośredniczącego
_bn
_2rdamedia
338 _aWolumin
_bnc
_2rdacarrier
380 _aKsiążki
388 _a1901-2000
388 _a1945-1989
490 1 _aSkrypty dla Szkół Wyższych / Politechnika Łódzka
504 _aBibliogr. s. 282-287.
650 7 _aDrewno
_2DBN
650 7 _aNarzędzia i maszyny
650 7 _aTechnologia drewna
655 7 _aPodręczniki akademickie
_2DBN
658 _aInżynieria i technika
700 1 _aIngielewicz, Henryk
_eAutor
700 1 _aRogut, Rolisław
_eAutor
830 0 _aSkrypty dla Szkół Wyższych - Politechnika Łódzka
856 _uhttp://koha.tu.koszalin.pl/cgi-bin/koha/opac-detail.pl?biblionumber=19623
_yKatalog online BPK
942 _2UKD
_cKS
999 _c19623
_d19623